Técnica y práctica de las investigaciones de mercado (Registro nro. 2938)
[ vista simple ]
| 000 -LEADER | |
|---|---|
| fixed length control field | 00897 a2200217 4500 |
| 001 - CONTROL NUMBER | |
| control field | 39002 |
| 005 - DATE AND TIME OF LATEST TRANSACTION | |
| control field | 20260407155649.0 |
| 008 - FIXED-LENGTH DATA ELEMENTS--GENERAL INFORMATION | |
| fixed length control field | 260407a1962 arg spa d |
| 003 - CONTROL NUMBER IDENTIFIER | |
| control field | AR-UNSa-BCEJYS |
| 040 ## - CATALOGING SOURCE | |
| Original cataloging agency | AR-UNSa-BCEJYS |
| Language of cataloging | spa |
| Transcribing agency | AR-UNSa-BCEJYS |
| 080 ## - UNIVERSAL DECIMAL CLASSIFICATION NUMBER | |
| Universal Decimal Classification number | 658.8.012.12 |
| Common auxiliary subdivision | Investigación de mercados |
| 100 1# - MAIN ENTRY--PERSONAL NAME | |
| Personal name | Tagliacarne, Guglielmo |
| 245 10 - TITLE STATEMENT | |
| Title | Técnica y práctica de las investigaciones de mercado |
| 250 ## - EDITION STATEMENT | |
| Edition statement | 2a. ed |
| 264 #1 - PRODUCTION, PUBLICATION, DISTRIBUTION, MANUFACTURE, AND COPYRIGHT NOTICE | |
| Place of production, publication, distribution, manufacture | Barcelona : |
| Name of producer, publisher, distributor, manufacturer | Ariel |
| Date of production, publication, distribution, manufacture, or copyright notice | 1962 |
| 300 ## - PHYSICAL DESCRIPTION | |
| Extent | 822 p. |
| Dimensions | 23 cm. |
| 505 ## - FORMATTED CONTENTS NOTE | |
| Formatted contents note | Parte I: Técnicas y problemas de las investigaciones de mercado - Parte II: Aplicaciones de las investigaciones de mercado en los distintos campos y sectores - Parte III: Geografía del marketing - Parte IV: Institutos para el estudio de los mercados y enseñanza del marketing |
| 590 ## - LOCAL NOTE (RLIN) | |
| Local note | niveau_biblio:m niveau_hierar:0 |
| 700 1# - ADDED ENTRY--PERSONAL NAME | |
| Personal name | Cantó Martínez, Pablo |
| 942 ## - ADDED ENTRY ELEMENTS (KOHA) | |
| Koha item type | |
| Withdrawn status | Lost status | Damaged status | Not for loan | Home library | Current library | Shelving location | Date acquired | Total checkouts | Full call number | Barcode | Date last seen | Price effective from | Koha item type |
|---|---|---|---|---|---|---|---|---|---|---|---|---|---|
| Biblioteca Prof. Eusebio Cleto del Rey | Biblioteca Prof. Eusebio Cleto del Rey | 07/04/2026 | 658.8.012.12 T126 | L21059 | 07/04/2026 | 07/04/2026 | Libro |